000 00329nam a22001457a 4500
008 221117b ||||| |||| 00| 0 eng d
020 _a9780393264142
041 _aeng
080 _2preliminary edition
_a579
082 _a579 FOS
100 _a17
101 _aMICRO
245 _aMICROBIOLOGY
_cFOSTER W.J
942 _2udc
_cBK
999 _c58933
_d58933